000 00376nam a22001457a 4500
003 macl
005 20170104142944.0
008 170104b xxu||||| |||| 00| 0 eng d
040 _cmacl
041 _aहिन्‍दी
082 _a300
100 _aNCERT
_94590
245 _aसामाजिक एवं राजनीतिक जीवन-lll
942 _2ddc
_cHIN
999 _c55695
_d55695